| 000 | 01324nam a22002657a 4500 | ||
|---|---|---|---|
| 005 | 20110209120154.0 | ||
| 008 | 110209t xxu||||| |||| 00| 0 mar d | ||
| 010 | _aMAR-20549 | ||
| 020 |
_a9788174981080 _c250.00 |
||
| 035 | _aMR-13207 | ||
| 037 | _bDBAD / PUB | ||
| 040 |
_aDPL _bMR |
||
| 082 | _a294.55 | ||
| 100 | _925775 | ||
| 245 |
_aयुगप्रवर्तक संत तुकाराम-रामदास / _cशरयू तायवाडे,राजेद्र वटाणे तथा कोमल ठाकरे द्वारा संपादित |
||
| 246 | _aYugparvartak Sant Tukaram-Ramdas | ||
| 260 |
_aनागपूर _bविजय प्रकाशन _c2010 |
||
| 270 |
_aहनुमान गल्ली,सीताबर्डी _bनागपूर _e440012 _k0712-2530539 |
||
| 300 |
_a232पृ _b21 सेमी(अजिल्द) |
||
| 700 |
_aतायवाडे,शरयू _925776 |
||
| 700 |
_aवाटाणे,राजेन्द्र _925781 |
||
| 700 |
_aठाकरे,कोमल _925782 |
||
| 942 |
_2ddc _cMR _h294.55 _mयुगप्र |
||
| 999 |
_c50383 _d50383 |
||